Billie Eilish - bellyache Lyrics - Statistics

General Stats
  • This quiz has been taken 171 times
  • The average score is 172 of 203
Answer Stats
Answer % Correct
a
98%
I
98%
My
97%
my
97%
be
96%
the
96%
The
96%
go
95%
Mind
95%
mind?
95%
mind
95%
bellyache
94%
(bellyache
94%
bellyache)
94%
In
94%
in
94%
Where
94%
It's
91%
it's
91%
of
91%
Where's
91%
back
90%
got
90%
now
90%
V
90%
all
89%
car
89%
for
89%
friends
89%
is
89%
lover
88%
Maybe
88%
Sittin'
88%
What
88%
driveway
87%
gum
87%
alone
86%
better
86%
bodies
86%
full
86%
Mouth
86%
aren't
85%
that
85%
an
84%
far
84%
Lay
84%
left
84%
their
84%
I'm
82%
But
81%
gutter
80%
Vendetta
80%
do
79%
expensive
78%
to
78%
feel
77%
I'd
77%
Thought
77%
jail
73%
funny
71%
too
71%
kinda
70%
young
70%
don't
69%
lost
69%
money
68%
Like
67%
Lookin'
67%
nails
67%
room
66%
bitin'
65%
soon
65%
here
63%
pretty
63%
reckless
60%
could
59%
They'll
59%
through
59%
anywhere
56%
make
56%
wanna
54%
way
54%
necklace
52%
scared
52%
wear
52%
'em
49%
fake
48%
Everything
46%
noose
46%
No matching quizzes found
Score Distribution
Percent of People with Each Score
Percentile by Number Answered
Your Score History
You have not taken this quiz